Cómo escribir trabajos de investigación (Registro nro. 1364)
[ vista simple ]
| 000 -LEADER | |
|---|---|
| fixed length control field | 01531 a2200217 4500 |
| 001 - CONTROL NUMBER | |
| control field | 25320 |
| 005 - DATE AND TIME OF LATEST TRANSACTION | |
| control field | 20260407155537.0 |
| 008 - FIXED-LENGTH DATA ELEMENTS--GENERAL INFORMATION | |
| fixed length control field | 260407a2000 arg spa d |
| 003 - CONTROL NUMBER IDENTIFIER | |
| control field | AR-UNSa-BCEJYS |
| 040 ## - CATALOGING SOURCE | |
| Original cataloging agency | AR-UNSa-BCEJYS |
| Language of cataloging | spa |
| Transcribing agency | AR-UNSa-BCEJYS |
| 080 ## - UNIVERSAL DECIMAL CLASSIFICATION NUMBER | |
| Universal Decimal Classification number | 001.8 |
| Common auxiliary subdivision | Metodología. Estudio general del método. Procedimientos científicos y técnicos para el estudio, La investigación y la discusión |
| 020 ## - INTERNATIONAL STANDARD BOOK NUMBER | |
| International Standard Book Number | 978-84-7432-724-3 |
| 100 1# - MAIN ENTRY--PERSONAL NAME | |
| Personal name | Walker, Melissa |
| 245 10 - TITLE STATEMENT | |
| Title | Cómo escribir trabajos de investigación |
| 264 #1 - PRODUCTION, PUBLICATION, DISTRIBUTION, MANUFACTURE, AND COPYRIGHT NOTICE | |
| Place of production, publication, distribution, manufacture | Barcelona : |
| Name of producer, publisher, distributor, manufacturer | Gedisa |
| Date of production, publication, distribution, manufacture, or copyright notice | 2000 |
| 300 ## - PHYSICAL DESCRIPTION | |
| Extent | 473 p. |
| Dimensions | 23 cm. |
| 505 ## - FORMATTED CONTENTS NOTE | |
| Formatted contents note | 1. Para comprender qué es la investigación - 2. Cómo elegir un tema - 3. La identificación de fuentes en la biblioteca - 4. La utilización de las fuentes de la biblioteca - 5. El uso de internet y la búsqueda más allá de la biblioteca - 6. El registro de la información - 7. La organización del material - 8. Redactar y revisar - 9. La producción del trabajo final - 10. La documentación de fuentes según el estilo MLA - 11. La redacción de monografías en las humanidades - 12. La redacción de monografías en literatura - 13. Redacción de monografías en las ciencias sociales utilizando el estilo APA - 14. Redacción de monografías en las ciencias naturales y aplicadas utilizando el estilo CBE |
| 590 ## - LOCAL NOTE (RLIN) | |
| Local note | niveau_biblio:m niveau_hierar:0 |
| 856 41 - ELECTRONIC LOCATION AND ACCESS | |
| Uniform Resource Identifier | <a href="https://biblioeco.unsa.edu.ar/pmb/images/libros/C?mo escribir trabajos de investigaci?n (2000).jpg">https://biblioeco.unsa.edu.ar/pmb/images/libros/C?mo escribir trabajos de investigaci?n (2000).jpg</a> |
| Link text | Imagen de portada |
| Electronic format type | image/jpeg |
| 942 ## - ADDED ENTRY ELEMENTS (KOHA) | |
| Koha item type | |
| Withdrawn status | Lost status | Damaged status | Not for loan | Home library | Current library | Shelving location | Date acquired | Total checkouts | Full call number | Barcode | Date last seen | Price effective from | Koha item type |
|---|---|---|---|---|---|---|---|---|---|---|---|---|---|
| Biblioteca Prof. Eusebio Cleto del Rey | Biblioteca Prof. Eusebio Cleto del Rey | 07/04/2026 | 001.8 W177 | L119813 | 07/04/2026 | 07/04/2026 | Libro |